000 00735nam a2200289Ia 4500
005 20260324131552.0
008 008 260324s9999 xx 000 0 eng d
020 _a9780203959657
037 _aEBOOK
040 _aCRL
040 _beng
040 _cCRL
041 _2eng
041 _aeng
084 _qCRL
100 _aMichelle Reichert
_91185995
245 0 _aBetween Courtly Literature and Al-Andaluz
245 0 _bOriental Symbolism and Influences in the Romances of Chretien de Troyes
260 _bTaylor and Francis
260 _c2006
365 _a
365 _b255
856 _uhttp://www.taylorfrancis.com/books/9780203959657
942 _cEBOOK
999 _c1783288
_d1783288